Statystyki dla 15 najbardziej dotkniętych krajów Covid-19 - 24 września

Kliknij tutaj aby rozwiązać quiz!

Ogólne statystyki

  • Ten quiz został rozwiązany 31 razy
  • Średni wynik to 11 z 24

Statystyki odpowiedzi

kraj% Poprawnych
Stany Zjednoczone
93%
Brazylia
86%
Francja
79%
Rosja
79%
Hiszpania
75%
Meksyk
75%
Argentyna
71%
Wielka Brytania
68%
Indie
64%
Chile
54%
Chile
54%
Kolumbia
43%
Republika
Południowej Afryki
39%
Iran
36%
Peru
36%
Izrael
18%
Armenia
14%
Katar
14%
Bangladesz
11%
Kuwejt
11%
Oman
11%
Bahrajn
7%
Kostaryka
7%
Panama
7%

Rozkład punktacji

Percentyl według liczby udzielonych odpowiedzi

Procent ludzi z każdym wynikiem

Twoja historia wyników

Nie rozwiązałeś tego quizu